| 000 | 01059nam a2200277Ia 4500 | ||
|---|---|---|---|
| 003 | OSt | ||
| 005 | 20221005104036.0 | ||
| 006 | a|||||r|||| 00| 0 | ||
| 007 | ta | ||
| 008 | 221004b |||||||| |||| 00| 0 san d | ||
| 020 | _c280 | ||
| 024 | _a3862 | ||
| 037 |
_b428, 11/03/2013, Eastern Book Linkers _cTextual |
||
| 040 |
_aCRL _cCRL _bsan |
||
| 041 |
_2san _asan |
||
| 082 | _aS1:7:7, 152N3;Q2 | ||
| 100 | _aमिश्र, देवेन्द्रनाथ | ||
| 245 | 0 | _aकौमारभृत्य | |
| 246 | _aKaumārabhṛutya | ||
| 260 |
_aदिल्ली _bचौखम्बा संस्कृत प्रतिष्ठान भारत _c2012 |
||
| 300 |
_a720पृ0 _ccm. |
||
| 490 | _aवज्रजीवन आयुर्विज्ञान ग्रन्थमाला; 22 | ||
| 650 | _aमनोविज्ञान | ||
| 942 |
_hS1:7:7, 152N3;Q2 _cTEXL _2cc |
||
| 999 |
_c1011564 _d1011564 |
||